Geologic Eons, Eras and Periods - Statistics

General Stats
  • This quiz has been taken 2,787 times
  • The average score is 14 of 36
Answer Stats
Period % Correct
Jurassic
91%
Triassic
85%
Cambrian
76%
Cretaceous
71%
Mesozoic
68%
Paleozoic
62%
Devonian
60%
Permian
58%
Cenozoic
55%
Silurian
55%
Carboniferous
54%
Hadean
51%
Ordovician
51%
Archean
45%
Quaternary
45%
Proterozoic
44%
Phanerozoic
43%
Neogene
42%
Paleogene
42%
Neoproterozoic
24%
Mesoproterozoic
23%
Paleoproterozoic
23%
Mesoarchean
22%
Neoarchean
22%
Paleoarchean
22%
Ediacaran
21%
Eoarchean
20%
Cryogenian
18%
Tonian
15%
Siderian
13%
Rhyacian
12%
Stenian
12%
Calymmian
11%
Orosirian
11%
Ectasian
10%
Statherian
10%
No matching quizzes found
Score Distribution
Percent of People with Each Score
Percentile by Number Answered
Your Score History
You have not taken this quiz